[Event "RE-2013-0-00115"]
[Site "LSS email"]
[Date "2013.06.20"]
[Round "?"]
[White "Lenina, Elena"]
[Black "Bieszk, Stanislaw"]
[Result "0-1"]
[WhiteElo "992"]
[BlackElo "1205"]
[PlyCount "62"]
[EventDate "2013.05.07"]
[EventType "tourn (corr)"]
[EventRounds "6"]
[EventCountry "GER"]
[SourceTitle "Telechess CBM 161"]
[Source "ChessBase"]
[SourceDate "2014.07.16"]
[SourceVersion "1"]
[SourceVersionDate "2014.07.16"]
[SourceQuality "1"]

1. e4 c5 2. Nf3 d6 3. Bb5+ Nd7 4. 0-0 a6 5. Be2 Ngf6 6. d3 g6 7. Be3 Bg7 8. c3 0-0 9. h3 b5 10. Nbd2 Bb7 11. Nh2 Qc7 12. f4 Rfd8 13. Nhf3 e6 14. Rc1 Rac8 15. a4 Nh5 16. Ng5 Ng3 17. Rf2 h6 18. Ngf3 Nxe2+ 19. Rxe2 c4 20. dxc4 bxc4 21. Kf2 e5 22. Qg1 exf4 23. Bxf4 Nc5 24. Ra1 Nd3+ 25. Kg3 g5 26. Be3 d5+ 27. Kg4 dxe4 28. Nd4 Qd7+ 29. Nf5 h5+ 30. Kxg5 f6+ 31. Kxh5 Qxf5+ 0-1

[Event "OP-2013-0-02829"]
[Site "LSS email"]
[Date "2013.06.18"]
[Round "?"]
[White "Lenz, Juergen"]
[Black "Lenina, Elena"]
[Result "1-0"]
[WhiteElo "1083"]
[BlackElo "992"]
[PlyCount "59"]
[EventDate "2013.06.17"]
[EventType "tourn (corr)"]
[EventRounds "4"]
[EventCountry "GER"]
[SourceTitle "Telechess CBM 161"]
[Source "ChessBase"]
[SourceDate "2014.07.16"]
[SourceVersion "1"]
[SourceVersionDate "2014.07.16"]
[SourceQuality "1"]

1. d4 d5 2. Nf3 Nf6 3. Bf4 Bf5 4. e3 e6 5. Bd3 Bxd3 6. cxd3 Bd6 7. Bxd6 cxd6 8. 0-0 0-0 9. Nc3 Nc6 10. e4 dxe4 11. dxe4 Qa5 12. d5 exd5 13. exd5 Ne7 14. Qb3 Rab8 15. Rad1 Nd7 16. Rfe1 Rfe8 17. Re3 Nf5 18. Rxe8+ Rxe8 19. h3 Nc5 20. Qb5 Qxb5 21. Nxb5 a6 22. Nbd4 Nxd4 23. Nxd4 Re5 24. Nf3 Re2 25. Rd2 Re7 26. g3 f5 27. Nd4 Re5 28. Nf3 Re4 29. Nd4 Kf7 30. Nxf5 1-0

[Event "OP-2011-0-01736"]
[Site "LSS email"]
[Date "2011.08.22"]
[Round "?"]
[White "Boukadoum, Mohamed"]
[Black "Lenina, Elena"]
[Result "1-0"]
[WhiteElo "1200"]
[BlackElo "1200"]
[PlyCount "29"]
[EventDate "2011.08.19"]
[EventType "tourn (corr)"]
[EventRounds "4"]
[EventCountry "GER"]
[SourceTitle "Corr 2022"]
[Source "ChessBase"]
[SourceDate "2021.10.24"]
[SourceVersion "1"]
[SourceVersionDate "2021.10.24"]
[SourceQuality "1"]

1. e4 e5 2. Nf3 Nc6 3. b3 g6 4. Bb2 Bg7 5. Bb5 d6 6. d4 exd4 7. Nxd4 Bd7 8. Nxc6 bxc6 9. Bxg7 cxb5 10. Bxh8 f6 11. Qd5 Nh6 12. Bg7 Ng4 13. h3 Ne5 14. Bxf6 Qb8 15. Qg8# 1-0